Every Premier League Goalscorer for Derby County - Statistics

General Stats
  • This quiz has been taken 48 times
  • The average score is 24 of 55
Answer Stats
Player % Correct
Paulo Wanchope
80%
Seth Johnson
76%
Dean Sturridge
72%
Fabrizio Ravanelli
72%
Igor Štimac
68%
Kenny Miller
68%
Darryl Powell
64%
Malcolm Christie
64%
Branko Strupar
60%
Dean Burton
56%
Francesco Baiano
56%
Gary Rowett
56%
Georgi Kinkladze
56%
Stefano Eranio
56%
Aljoša Asanović
52%
Chris Riggott
52%
Horacio Carbonari
52%
Paul Simpson
52%
Rory Delap
52%
David Jones
48%
Robin van der Laan
48%
Steve Howard
48%
Giles Barnes
44%
Lee Carsley
44%
Marvin Robinson
44%
Ashley Ward
40%
Craig Burley
40%
Jacob Laursen
40%
Robert Earnshaw
40%
Spencer Prior
40%
Stefan Schnoor
40%
Esteban Fuertes
36%
Lee Morris
36%
Matt Oakley
36%
Paul Boertien
36%
Paul Trollope
36%
Ron Willems
36%
Simo Valakari
36%
Tony Dorigo
36%
Tyrone Mears
36%
Christian Dailly
32%
Danny Higginbotham
32%
Jay McEveley
32%
Jonathan Hunt
32%
Lars Bohinen
32%
Mikkel Beck
32%
Andy Todd
28%
Benito Carbone
24%
Emanuel Villa
24%
Kevin Harper
24%
Sean Flynn
24%
Youl Mawene
24%
Avi Nimni
20%
Lewin Nyatanga
20%
Þórður Guðjónsson
20%
No matching quizzes found
Score Distribution
Percent of People with Each Score
Percentile by Number Answered
Your Score History
You have not taken this quiz